Geography Quiz

Random Geography or State Quiz
Score 0/12 Timer 03:00
0 Plays Today
State % Correct
Washington
92.6%
Virginia
91.7%
Georgia
89.4%
North Carolina
84.4%
South Carolina
84.1%
Pennsylvania
80.9%
Maryland
80.8%
West Virginia
78.2%
New York
72.7%
Louisiana
72.1%
Maine
69.6%
Delaware
68.7%
Remove Ads.
Support Sporcle.
Get the best of Sporcle when you Go Orange. This ad-free experience offers more features, more stats, and more fun while also helping to support Sporcle. Thank you for becoming a member.

You're not logged in!

Compare scores with friends on all Sporcle quizzes.
OR
Log In

Show Comments

Extras

Created Oct 15, 2010SourceReportNominate
Tags:State Quiz, name, Person

Top Quizzes Today


Score Distribution

Your Account Isn't Verified!

In order to create a playlist on Sporcle, you need to verify the email address you used during registration. Go to your Sporcle Settings to finish the process.

Report this User

Report this user for behavior that violates our Community Guidelines.

Details: